[Event "XXIII Open"]
[Site "Reykjavik ISL"]
[Date "2008.03.11"]
[Round "9.8"]
[White "Hillarp Persson, Tiger"]
[Black "Mikhalevski, Victor"]
[Result "0-1"]
[WhiteElo "2535"]
[BlackElo "2632"]
[PlyCount "66"]
[EventDate "2008.03.03"]
[Source "www.chesslib.no"]
[SourceDate "2004.05.04"]

1. d4 Nf6 2. c4 g6 3. Nc3 d5 4. Bg5 Ne4 5. Bh4 Nxc3 6. bxc3 dxc4 7. e3 Be6 8. Rb1 Nd7 9. Qa4 Bd5 10. Bxc4 Bxg2 11. Qb3 Bh6 12. Bxf7+ Kf8 13. Bd5 Nc5 14. Bxg2 Nxb3 15. Rxb3 b5 16. Nf3 Rb8 17. Ne5 Rb6 18. O-O Bg7 19. Nc6 Qd7 20. d5 e6 21. dxe6 Qxe6 22. Nxa7 c6 23. c4 Qxc4 24. Bg3 Ke7 25. Rd1 Ra6 26. Ra3 Rxa3 27. Nxc6+ Kf6 28. Be5+ Kg5 29. Bxg7 Rg8 30. h4+ Kxh4 31. Bf6+ g5 32. Bf3 Rd3 33. Rf1 Rd6 0-1

[Event "IV Open"]
[Site "Calvia ESP"]
[Date "2007.10.23"]
[Round "9"]
[White "Kuzubov, Y."]
[Black "Mikhalevski, V."]
[Result "1/2-1/2"]
[WhiteElo "2582"]
[BlackElo "2584"]
[PlyCount "23"]
[EventDate "2007.10.15"]
[Source "www.chesslib.no"]
[SourceDate "2004.05.04"]

1. d4 Nf6 2. c4 g6 3. Nc3 d5 4. Bg5 Ne4 5. Bf4 Nxc3 6. bxc3 Bg7 7. e3 c5 8. cxd5 cxd4 9. cxd4 Qxd5 10. Nf3 O-O 11. Be2 Qa5+ 12. Qd2 1/2-1/2

[Event "ECC"]
[Site "Rethymnon"]
[Date "2003.10.03"]
[Round "6"]
[White "Mchedlishvili, Mikheil"]
[Black "Ftacnik, Lubomir"]
[Result "1/2-1/2"]
[WhiteElo "2566"]
[BlackElo "2598"]
[PlyCount "75"]
[EventDate "2003.09.28"]
[Source "Roberto Alvarez"]
[SourceDate "2003.10.06"]

1. d4 Nf6 2. c4 g6 3. Nc3 d5 4. Bg5 Ne4 5. Bh4 c5 6. cxd5 Nxc3 7. bxc3 Qxd5 8. e3 Nc6 9. Qf3 Qxf3 10. Nxf3 cxd4 11. cxd4 Bg7 12. Rb1 e5 13. dxe5 Nxe5 14. Bb5+ Nc6 15. Ba4 O-O 16. O-O a6 17. Rfc1 Be6 18. Rxb7 Na5 19. Rbc7 Bxa2 20. R1c5 Rab8 21. h3 Rb1+ 22. Kh2 Nb7 23. Rc1 Rxc1 24. Rxc1 Bd5 25. Rd1 Bxf3 26. gxf3 Nc5 27. Bc6 Rc8 28. Rd8+ Rxd8 29. Bxd8 Bc3 30. Be7 Bb4 31. Kg2 a5 32. Kf1 Kg7 33. Bxc5 Bxc5 34. f4 Kf6 35. Ba4 Ke7 36. Ke2 f6 37. Bb3 Bd6 38. Kd3 1/2-1/2

[Event "Ischia"]
[Site "?"]
[Date "1996.??.??"]
[Round "?"]
[White "Khenkin, I."]
[Black "Ftacnik, L."]
[Result "0-1"]
[WhiteElo "2575"]
[BlackElo "2585"]
[PlyCount "116"]
[EventDate "1996.??.??"]
[Source "ChessBase"]
[SourceDate "1996.06.01"]

1. d4 Nf6 2. c4 g6 3. Nc3 d5 4. Bg5 Ne4 5. Bf4 Nxc3 6. bxc3 Bg7 7. e3 O-O 8. Nf3 c5 9. cxd5 Qxd5 10. Be2 cxd4 11. cxd4 Qa5+ 12. Qd2 Nc6 13. Rb1 b6 14. Bb5 Bf5 15. Bxc6 Bxb1 16. Qxa5 bxa5 17. Bxa8 Rxa8 18. Kd2 Bxa2 19. Ra1 Bd5 20. Rxa5 e6 21. Kd3 a6 22. Bd6 Bc6 23. Rc5 Be8 24. Ne5 h6 25. e4 Bb5+ 26. Ke3 Bf1 27. g4 a5 28. Rc1 Bb5 29. Rc5 Be8 30. Nc4 a4 31. Nb6 Ra6 32. Rc8 a3 33. Rxe8+ Kh7 34. Bxa3 Rxa3+ 35. Ke2 Bxd4 36. Nd7 Ra7 37. Rd8 e5 38. f4 exf4 39. e5 Kg7 40. Kf3 Bc3 41. Rc8 Bb2 42. Rb8 Ba1 43. Rd8 g5 44. Nc5 Bxe5 45. Rd5 Ra3+ 46. Nd3 Bb8 47. h3 Kf6 48. Ke4 Ra2 49. Rf5+ Kg6 50. Rb5 Re2+ 51. Kd5 Re3 52. Rb6+ Kg7 53. Kc4 Ba7 54. Rb7 Re4+ 55. Kc3 Bd4+ 56. Kd2 f3 57. Rb5 Re2+ 58. Kd1 Bc3 0-1

[Event "III President's Cup"]
[Site "Baku AZE"]
[Date "2008.05.19"]
[Round "8"]
[White "Mchedlishvili, M."]
[Black "Safarli, E."]
[Result "1/2-1/2"]
[WhiteElo "2635"]
[BlackElo "2524"]
[PlyCount "69"]
[EventDate "2008.05.12"]
[Source "www.chesslib.no"]
[SourceDate "2004.05.04"]

1. d4 Nf6 2. c4 g6 3. Nc3 d5 4. Bg5 Ne4 5. Bf4 Nxc3 6. bxc3 Bg7 7. e3 O-O 8. Nf3 c5 9. cxd5 cxd4 10. cxd4 Qxd5 11. Be2 Nc6 12. O-O Bf5 13. Qa4 Rac8 14. Rfc1 a6 15. Bg3 Qa5 16. Qxa5 Nxa5 17. Nd2 Be6 18. a3 Bd5 19. Bc7 Nc6 20. Bb6 Nb8 21. Bd3 f5 22. f4 e6 23. Bc5 Rfd8 24. Rab1 b5 25. Nf3 Nd7 26. Bb4 Nb6 27. Ba5 Rxc1+ 28. Rxc1 Rc8 29. Rxc8+ Nxc8 30. Ne5 Bxe5 31. dxe5 Ne7 32. Bb4 Nc6 33. Bc5 Na5 34. Bc2 Nb3 35. Bxb3 1/2-1/2

[Event "Pardubice Czech op"]
[Site "Pardubice"]
[Date "2002.07.25"]
[Round "7"]
[White "Vokac, Marek"]
[Black "Sasikiran, Krishnan"]
[Result "1/2-1/2"]
[WhiteElo "2502"]
[BlackElo "2650"]
[PlyCount "103"]
[EventDate "2002.07.19"]
[Source "ChessBase"]
[SourceDate "2002.09.11"]

1. d4 Nf6 2. c4 g6 3. Nc3 d5 4. Bg5 Ne4 5. Qc1 Bg7 6. cxd5 Nxg5 7. Qxg5 Bxd4 8. Nf3 Bg7 9. e4 O-O 10. Bc4 a6 11. O-O b5 12. Bb3 c5 13. dxc6 Nxc6 14. Rfd1 Bd7 15. Qd5 Ra7 16. Qc5 e6 17. Rd6 Rc7 18. Rad1 Qc8 19. Qg5 h6 20. Qf4 Nb8 21. Ne5 b4 22. Na4 Bxa4 23. Bxa4 g5 24. Qg3 Rc1 25. Nf3 Rxd1+ 26. Rxd1 Rd8 27. Rxd8+ Qxd8 28. h4 gxh4 29. Nxh4 a5 30. Bb5 Qb6 31. Bc4 Nd7 32. Nf3 Nc5 33. Qf4 Na4 34. b3 Nc3 35. g4 Qd8 36. g5 hxg5 37. Nxg5 Qf6 38. Qb8+ Bf8 39. Qg3 Qg6 40. f4 Be7 41. Bd3 Bxg5 42. fxg5 Qh5 43. Kf2 Nd1+ 44. Ke1 Qh1+ 45. Ke2 Nc3+ 46. Ke3 Qc1+ 47. Kd4 Qb2 48. Kc5 Nxa2 49. g6 Qc3+ 50. Kb5 Qd4 51. gxf7+ Kxf7 52. Qf4+ 1/2-1/2

[Event "Hoogovens"]
[Site "Wijk aan Zee"]
[Date "1995.??.??"]
[Round "?"]
[White "Zvjaginsev, Vadim"]
[Black "Leko, Peter"]
[Result "1/2-1/2"]
[WhiteElo "2585"]
[BlackElo "2555"]
[PlyCount "61"]
[EventDate "1995.01.??"]
[Source "ChessBase"]

1. d4 Nf6 2. c4 g6 3. Nc3 d5 4. Bg5 Bg7 5. Bxf6 Bxf6 6. cxd5 c6 7. Nf3 cxd5 8. e3 O-O 9. Be2 b6 10. O-O e6 11. Rc1 Bb7 12. Qa4 Nc6 13. Ba6 Bxa6 14. Qxa6 Qd7 15. a3 Rac8 16. Rc2 Nb8 17. Qe2 Qb7 18. Rfc1 Nc6 19. b4 Rfd8 20. h3 Bg7 21. Qd3 Bf8 22. e4 Bxb4 23. exd5 exd5 24. Nxd5 Rxd5 25. axb4 Ne7 26. Rxc8+ Nxc8 27. Ne5 Nd6 28. Ng4 Qe7 29. Qd2 Nf5 30. Qf4 Qd6 31. Qxd6 1/2-1/2

[Event "3rd ACT"]
[Site "Amsterdam NED"]
[Date "2006.07.22"]
[Round "8"]
[White "Halkias, S."]
[Black "L'Ami, Erwin"]
[Result "1-0"]
[WhiteElo "2551"]
[BlackElo "2586"]
[PlyCount "103"]
[EventDate "2006.07.15"]
[Source "www.chesslib.no"]
[SourceDate "2004.05.04"]

1. d4 Nf6 2. c4 g6 3. Nc3 d5 4. Bg5 Ne4 5. Bh4 Nxc3 6. bxc3 dxc4 7. e3 Be6 8. Rb1 Nd7 9. Nf3 Nb6 10. e4 Bg7 11. Be2 c5 12. O-O O-O 13. a4 cxd4 14. cxd4 Qd7 15. a5 Na4 16. Qc2 b5 17. axb6 axb6 18. Bxc4 Rfc8 19. Bxe6 Qxe6 20. Qb3 Qxe4 21. Rbe1 Qf5 22. Rxe7 Nc3 23. Rfe1 Nd5 24. R7e2 h6 25. Bg3 Rc3 26. Qb5 Kh7 27. Rb2 Ra5 28. Qe2 Rca3 29. h3 b5 30. Ne5 Ra1 31. Rxa1 Rxa1+ 32. Kh2 b4 33. Qc4 Qe4 34. Nf3 Ra3 35. Qb5 Rc3 36. Qb7 Qe6 37. Rb1 Qf5 38. Re1 b3 39. Nh4 Qg5 40. Qxf7 b2 41. Re8 h5 42. Rb8 Rc8 43. Rb7 Ne7 44. Be5 Rg8 45. Nf3 Qf5 46. Qxe7 b1=Q 47. Rxb1 Qxb1 48. Ng5+ Kh6 49. Nf7+ Kh7 50. Bxg7 Kxg7 51. Ng5+ Kh6 52. f4 1-0

[Event "Sufe Cup"]
[Site "Shanghai"]
[Date "2000.03.14"]
[Round "12"]
[White "Krasenkow, Michal"]
[Black "Qin Kanying"]
[Result "1-0"]
[WhiteElo "2661"]
[BlackElo "2475"]
[PlyCount "151"]
[EventDate "2000.03.03"]
[Source "ChessBase"]
[SourceDate "2000.05.31"]

1. d4 Nf6 2. c4 g6 3. Nc3 d5 4. Bg5 Ne4 5. Bh4 Nxc3 6. bxc3 Bg7 7. cxd5 Qxd5 8. e3 c5 9. Qf3 Qd8 10. Bc4 O-O 11. Ne2 cxd4 12. exd4 Qc7 13. Bd5 Nc6 14. O-O Bd7 15. Rfe1 e6 16. Be4 Rac8 17. Bf6 Bxf6 18. Qxf6 Qd8 19. Qf4 Kg7 20. h4 Qf6 21. Qg3 Ne7 22. Bxb7 Nf5 23. Qf3 Rc7 24. h5 Qg5 25. Be4 Rfc8 26. hxg6 hxg6 27. Rab1 a6 28. Bxf5 Qxf5 29. Qxf5 exf5 30. d5 Re8 31. f3 Bb5 32. Kf2 Rd7 33. Nd4 Rxe1 34. Kxe1 Rxd5 35. f4 Bd3 36. Rb4 Rd8 37. Kd2 Be4 38. g3 g5 39. Ke3 gxf4+ 40. Kxf4 Bd3 41. Ke3 Be4 42. c4 Rc8 43. Nb3 Bb1 44. Nd2 Re8+ 45. Kf4 Bd3 46. c5 Re2 47. Rb2 Bb5 48. Kxf5 Kf8 49. Kf4 Ke7 50. Kf3 Bd3 51. Rb7+ Ke6 52. Nb3 Rxa2 53. c6 Bb5 54. Nd4+ Kd5 55. Rd7+ Kc5 56. Nxb5 Kxb5 57. c7 Rc2 58. Rxf7 Kb6 59. Rf6+ Kb5 60. Rf5+ Kb4 61. Rf7 a5 62. Ke4 a4 63. Kd5 a3 64. Kd6 a2 65. Rf1 Ka3 66. Rd1 Rd2+ 67. Rxd2 a1=Q 68. c8=Q Qf6+ 69. Qe6 Qd8+ 70. Qd7 Qf6+ 71. Kc7 Qc3+ 72. Kd8 Qa5+ 73. Ke8 Qa8+ 74. Ke7 Qe4+ 75. Qe6 Qh7+ 76. Kd6 1-0

[Event "XIII festival A"]
[Site "Zupanja CRO"]
[Date "2007.01.06"]
[Round "4.1"]
[White "Sedlak, Nikola"]
[Black "Brkic, Ante"]
[Result "1/2-1/2"]
[WhiteElo "2561"]
[BlackElo "2570"]
[PlyCount "53"]
[EventDate "2007.01.03"]
[Source "www.chesslib.no"]
[SourceDate "2004.05.04"]

1. d4 Nf6 2. c4 g6 3. Nc3 d5 4. Bg5 Ne4 5. Bh4 Nxc3 6. bxc3 dxc4 7. Qa4+ Qd7 8. Qxc4 Bg7 9. Nf3 O-O 10. Bg3 Nc6 11. e3 b6 12. Be2 Bb7 13. O-O Rac8 14. Rfd1 Na5 15. Qd3 c5 16. d5 c4 17. Qc2 e6 18. dxe6 Qxe6 19. Nd4 Qe4 20. Qxe4 Bxe4 21. Nb5 Rc5 22. Nd4 Re8 23. f3 Bd3 24. Bxd3 cxd3 25. Rxd3 Nc4 26. Nb3 Rc6 27. e4 1/2-1/2

[Event "VII Gibtelecom Masters"]
[Site "Caleta ING"]
[Date "2009.01.30"]
[Round "4"]
[White "Gurevich, M."]
[Black "Cmilyte, V."]
[Result "1-0"]
[WhiteElo "2624"]
[BlackElo "2497"]
[PlyCount "81"]
[EventDate "2009.01.27"]
[Source "www.chesslib.no"]
[SourceDate "2004.05.04"]

1. d4 Nf6 2. c4 g6 3. Nc3 d5 4. Bg5 Ne4 5. Bh4 Nxc3 6. bxc3 dxc4 7. e3 Be6 8. Be2 Bg7 9. Nf3 b6 10. O-O c5 11. Ng5 Bd5 12. e4 h6 13. exd5 hxg5 14. Bxg5 cxd4 15. Re1 Qd6 16. g3 O-O 17. Bxc4 Qc5 18. Bb3 Nc6 19. h4 Ne5 20. Bxe7 Qxc3 21. Rxe5 Bxe5 22. Rc1 Qa5 23. Qe2 Bg7 24. Qf3 Qd2 25. Rc7 Qe1+ 26. Kg2 Rac8 27. Rxc8 Qxe7 28. d6 Qd7 29. Rc7 Qxd6 30. Rxf7 Kh8 31. Qb7 Qe5 32. Qxa7 Qe4+ 33. Kh2 Rxf7 34. Qxf7 Kh7 35. Bd5 Qe2 36. Kg2 d3 37. Bf3 Qe5 38. h5 gxh5 39. Bxh5 d2 40. Bf3 Qd4 41. Qf5+ 1-0

[Event "Pula"]
[Site "?"]
[Date "1997.??.??"]
[Round "?"]
[White "Zvjaginsev, V."]
[Black "Zagorskis, D."]
[Result "1-0"]
[WhiteElo "2610"]
[BlackElo "2505"]
[PlyCount "57"]
[EventDate "1997.??.??"]
[Source "ChessBase"]
[SourceDate "1997.02.01"]

1. d4 Nf6 2. c4 g6 3. Nc3 d5 4. Bg5 Ne4 5. Bf4 Nxc3 6. bxc3 Bg7 7. Nf3 c5 8. e3 Nc6 9. cxd5 Qxd5 10. Be2 O-O 11. O-O cxd4 12. cxd4 b6 13. Rc1 Bb7 14. Bc4 Qh5 15. Qe2 a6 16. h3 Qf5 17. Rfd1 Rfc8 18. Bg3 Na5 19. Bd3 Qd7 20. Rxc8+ Qxc8 21. a4 Bd5 22. Rb1 Qb7 23. e4 Bc6 24. Rb4 e6 25. Qb2 b5 26. axb5 axb5 27. Bxb5 Bxb5 28. Rxb5 Qxe4 29. Qa2 1-0

[Event "BIH-chT"]
[Site "Neum"]
[Date "2002.06.03"]
[Round "2.1"]
[White "Sokolov, Ivan"]
[Black "Ristic, Nenad"]
[Result "1-0"]
[WhiteElo "2647"]
[BlackElo "2464"]
[PlyCount "71"]
[EventDate "2002.06.02"]
[Source "ChessBase"]
[SourceDate "2002.09.20"]

1. d4 Nf6 2. c4 g6 3. Nc3 d5 4. Bg5 Bg7 5. Bxf6 Bxf6 6. cxd5 c6 7. e4 Qb6 8. e5 Qxb2 9. Nge2 Bg7 10. g3 O-O 11. Bg2 cxd5 12. Rb1 Qa3 13. Nxd5 Nc6 14. O-O Rb8 15. Nec3 Be6 16. Qd2 Rfd8 17. Rb3 Qa6 18. Rd1 Rd7 19. Qb2 Qa5 20. Rb5 Qd8 21. h3 b6 22. Kh2 Rc8 23. a4 a6 24. Rxb6 Bxd5 25. Nxd5 Rxd5 26. Bxd5 Qxd5 27. Rc1 Qd7 28. Rc5 Bf8 29. Qc3 Qf5 30. Qc2 Qxc2 31. Rxc2 Na7 32. Rxc8 Nxc8 33. Rc6 Na7 34. Rxa6 Nc8 35. Rc6 Na7 36. Rc7 1-0

[Event "Palma de Mallorca"]
[Site "Palma de Majorca ESP"]
[Date "1971.??.??"]
[Round "15"]
[White "Keene, Raymond D"]
[Black "Portisch, Lajos"]
[Result "1/2-1/2"]
[WhiteElo "2480"]
[BlackElo "2630"]
[PlyCount "28"]
[EventDate "1971.11.??"]
[Source "www.chesslib.no"]
[SourceDate "2004.05.04"]

1. d4 Nf6 2. c4 g6 3. Nc3 d5 4. Bg5 Ne4 5. Bh4 c5 6. e3 Nxc3 7. bxc3 Bg7 8. cxd5 cxd4 9. exd4 Qxd5 10. Nf3 Nc6 11. Be2 O-O 12. O-O b6 13. Re1 Bb7 14. c4 Qd7 1/2-1/2

[Event "Zagreb zt"]
[Site "Zagreb"]
[Date "1993.??.??"]
[Round "1"]
[White "Gofshtein, Leonid D"]
[Black "Kozul, Zdenko"]
[Result "1/2-1/2"]
[WhiteElo "2560"]
[BlackElo "2550"]
[PlyCount "46"]
[EventDate "1993.03.??"]
[Source "ChessBase"]

1. d4 Nf6 2. c4 g6 3. Nc3 d5 4. Bg5 Ne4 5. Bf4 Nxc3 6. bxc3 Bg7 7. e3 O-O 8. Nf3 c5 9. Be2 dxc4 10. Bxc4 Qa5 11. O-O Nd7 12. Qb3 Nb6 13. Bc7 Bd7 14. Rfb1 Rac8 15. Bxb6 axb6 16. a4 Bf5 17. Rb2 cxd4 18. cxd4 Bg4 19. Be2 Bxf3 20. Bxf3 e5 21. Bxb7 exd4 22. Bxc8 dxe3 23. Bg4 Qc5 1/2-1/2

[Event "Zagreb CRO"]
[Site "Zagreb CRO"]
[Date "1993.??.??"]
[Round "1"]
[White "Gofshtein, Zeev-Alon"]
[Black "Kozul, Zdenko"]
[Result "1/2-1/2"]
[WhiteElo "2560"]
[BlackElo "2550"]
[PlyCount "50"]
[EventDate "1993.??.??"]
[Source "www.chesslib.no"]
[SourceDate "2004.05.04"]

1. d4 Nf6 2. c4 g6 3. Nc3 d5 4. Bg5 Ne4 5. Bf4 Nxc3 6. bxc3 Bg7 7. e3 O-O 8. Nf3 c5 9. Be2 dxc4 10. Bxc4 Qa5 11. O-O Nd7 12. Qb3 Nb6 13. Bc7 Bd7 14. Rfb1 Rac8 15. Bxb6 axb6 16. a4 Bf5 17. Rb2 cxd4 18. cxd4 Bg4 19. Be2 Bxf3 20. Bxf3 e5 21. Qxb6 Qxa4 22. Rbb1 Qc2 23. Bxb7 exd4 24. Bxc8 dxe3 25. Bg4 Qc4 1/2-1/2

[Event "It (Men) Pulvermuehle GER"]
[Site "?"]
[Date "2006.02.26"]
[Round "2"]
[White "Gustafsson Jan"]
[Black "Braun Arik"]
[Result "1/2-1/2"]
[WhiteElo "2614"]
[BlackElo "2491"]
[PlyCount "57"]
[EventDate "2006.??.??"]
[Source "www.chesslib.no"]
[SourceDate "2004.05.04"]

1. d4 Nf6 2. c4 g6 3. Nc3 d5 4. Bg5 Ne4 5. Bh4 Nxc3 6. bxc3 dxc4 7. e3 Qd5 8. Nf3 b5 9. a4 a6 10. Be2 Bb7 11. O-O Bg7 12. Qb1 Nd7 13. e4 Qxe4 14. axb5 axb5 15. Qxb5 O-O 16. Rxa8 Rxa8 17. Bxc4 Nb6 18. Bxf7+ Kh8 19. Qg5 Rf8 20. Re1 Qc6 21. Qxe7 Nc8 22. Qe6 Qxc3 23. Bf6 Bxf3 24. Qe5 Qxe1+ 25. Qxe1 Bxf6 26. gxf3 Rxf7 27. Qe8+ Kg7 28. Qxc8 Bxd4 29. Kg2 1/2-1/2

[Event "Alusta"]
[Site "?"]
[Date "1994.??.??"]
[Round "?"]
[White "Moskalenko, V."]
[Black "Adorjan, A."]
[Result "1/2-1/2"]
[WhiteElo "2535"]
[BlackElo "2565"]
[PlyCount "90"]
[EventDate "1994.??.??"]
[Source "ChessBase"]
[SourceDate "1994.02.01"]

1. d4 Nf6 2. c4 g6 3. Nc3 d5 4. Bg5 Bg7 5. e3 c5 6. dxc5 Qa5 7. Qd2 dxc4 8. Bxc4 Nbd7 9. Rc1 O-O 10. Nf3 Nxc5 11. O-O Be6 12. Bxe6 Nxe6 13. Bh4 Rac8 14. Rfd1 Rc4 15. b3 Rcc8 16. Bxf6 Bxf6 17. Nd5 Qxd2 18. Nxd2 Rfd8 19. Rxc8 Rxc8 20. Ne4 Rc2 21. a4 Nc5 22. Nxc5 Rxc5 23. g3 Bg5 24. h4 e6 25. hxg5 Rxd5 26. Rxd5 exd5 27. Kf1 f6 28. gxf6 Kf7 29. Ke2 Kxf6 30. Kd3 h5 31. Kd4 Ke6 32. f4 b6 33. b4 Kd6 34. a5 Ke6 35. a6 Kd6 36. b5 Ke6 37. e4 dxe4 38. Kxe4 Kf6 39. Kd5 Kf5 40. Kc6 Ke6 41. Kc7 Ke7 42. Kc8 Ke8 43. Kc7 Ke7 44. Kc6 Ke6 45. Kb7 Kd7 1/2-1/2

[Event "Alushta4"]
[Site "Alushta"]
[Date "1994.??.??"]
[Round "8"]
[White "Moskalenko, Viktor"]
[Black "Adorjan, Andras"]
[Result "1/2-1/2"]
[WhiteElo "2535"]
[BlackElo "2565"]
[PlyCount "44"]
[EventDate "1994.05.??"]
[Source "ChessBase"]

1. d4 Nf6 2. c4 g6 3. Nc3 d5 4. Bg5 Bg7 5. e3 c5 6. dxc5 Qa5 7. Qd2 dxc4 8. Bxc4 Nbd7 9. Rc1 O-O 10. Nf3 Nxc5 11. O-O Be6 12. Bxe6 Nxe6 13. Bh4 Rac8 14. Rfd1 Rc4 15. b3 Rcc8 16. Bxf6 Bxf6 17. Nd5 Qxd2 18. Nxd2 Kg7 19. Rxc8 Rxc8 20. Ne4 Rc2 21. a4 Nc5 22. Nxc5 Rxc5 1/2-1/2

[Event "URS Ch sf"]
[Site "Novosibirsk RUS"]
[Date "1971.??.??"]
[Round "?"]
[White "Vasiukov, Evgeni A"]
[Black "Gufeld, Eduard E"]
[Result "1/2-1/2"]
[WhiteElo "2570"]
[BlackElo "2520"]
[PlyCount "50"]
[EventDate "1971.??.??"]
[Source "www.chesslib.no"]
[SourceDate "2004.05.04"]

1. d4 Nf6 2. c4 g6 3. Nc3 d5 4. Bg5 Ne4 5. Bh4 Bg7 6. cxd5 Nxc3 7. bxc3 Qxd5 8. e3 c5 9. Qf3 Qd8 10. Bb5+ Nd7 11. Ne2 cxd4 12. exd4 O-O 13. O-O Nf6 14. Rfe1 Bg4 15. Qxb7 Rb8 16. Qa6 Nd5 17. Bg3 Rc8 18. Qxa7 Nxc3 19. Nxc3 Bxd4 20. Qa4 Rxc3 21. Bh4 Qd5 22. Rac1 Ra8 23. Bc6 Rxa4 24. Bxd5 Be6 25. Bxe6 fxe6 1/2-1/2

[Event "Olomouc"]
[Site "?"]
[Date "2006.08.08"]
[Round "9.6"]
[White "Arutinian David"]
[Black "Maslak Konstantin"]
[Result "1/2-1/2"]
[WhiteElo "2552"]
[BlackElo "2537"]
[PlyCount "43"]
[EventDate "2006.??.??"]
[Source "www.chesslib.no"]
[SourceDate "2004.05.04"]

1. d4 Nf6 2. c4 g6 3. Nc3 d5 4. Bg5 Ne4 5. Bh4 Nxc3 6. bxc3 dxc4 7. e3 Be6 8. Qb1 Qd5 9. Nf3 Nd7 10. Be2 Bf5 11. Qb2 Bg7 12. Qb4 c5 13. Qxc4 Qxc4 14. Bxc4 Nb6 15. Bb5+ Bd7 16. Be2 Rc8 17. O-O Na4 18. Rfc1 Bf6 19. Bxf6 exf6 20. Nd2 cxd4 21. cxd4 Ke7 22. a3 1/2-1/2

[Event "DSV-Turnier"]
[Site "Halle"]
[Date "1976.??.??"]
[Round "?"]
[White "Uhlmann, Wolfgang"]
[Black "Malich, Burkhard"]
[Result "1/2-1/2"]
[WhiteElo "2555"]
[BlackElo "2530"]
[PlyCount "32"]
[EventDate "1976.11.??"]
[Source "ChessBase"]

1. d4 Nf6 2. c4 g6 3. Nc3 d5 4. Bg5 Ne4 5. Bh4 c5 6. cxd5 Nxc3 7. bxc3 Qxd5 8. e3 cxd4 9. Qxd4 Qxd4 10. cxd4 e6 11. Bb5+ Bd7 12. Bxd7+ Nxd7 13. Rc1 Bd6 14. Nf3 O-O 15. Ke2 Rfc8 16. Nd2 Ba3 1/2-1/2

[Event "BL 0607 SC Eppingen - Bindl-Aktionär"]
[Site "Germania"]
[Date "2007.03.31"]
[Round "14.3"]
[White "Prusikin, Michael"]
[Black "Braun, Arik"]
[Result "1-0"]
[WhiteElo "2560"]
[BlackElo "2525"]
[PlyCount "77"]
[EventDate "2006.10.28"]
[Source "www.chesslib.no"]
[SourceDate "2004.05.04"]

1. d4 Nf6 2. c4 g6 3. Nc3 d5 4. Bg5 Ne4 5. Bh4 Nxc3 6. bxc3 c5 7. cxd5 Qxd5 8. e3 cxd4 9. Qxd4 Qxd4 10. cxd4 Nc6 11. Nf3 Bg7 12. Rb1 O-O 13. Bd3 b6 14. Ke2 e6 15. Nd2 Bb7 16. Nc4 Ba6 17. Nd6 Bxd3+ 18. Kxd3 f6 19. Rhc1 Ne7 20. Bg3 f5 21. Nb5 Nd5 22. Nc7 Nxc7 23. Rxc7 Rf7 24. Rbc1 Re8 25. Rxf7 Kxf7 26. Rc7+ Re7 27. Kc4 a6 28. Bd6 Rxc7+ 29. Bxc7 b5+ 30. Kc5 Ke7 31. Kc6 h5 32. f3 g5 33. Bb6 g4 34. e4 gxf3 35. gxf3 fxe4 36. fxe4 Bh6 37. d5 exd5 38. exd5 Bf4 39. Bc7 1-0

[Event "Weilburg NBG Open"]
[Site "Weilburg GER"]
[Date "1995.??.??"]
[Round "8"]
[White "Khenkin, Igor"]
[Black "Zagorskis, Darius"]
[Result "1-0"]
[WhiteElo "2530"]
[BlackElo "2550"]
[PlyCount "61"]
[EventDate "1995.10.??"]
[Source "www.chesslib.no"]
[SourceDate "2004.05.04"]

1. d4 Nf6 2. c4 g6 3. Nc3 d5 4. Bg5 Ne4 5. Bf4 Nxc3 6. bxc3 Bg7 7. e3 c5 8. cxd5 Qxd5 9. Nf3 Nc6 10. Be2 cxd4 11. cxd4 O-O 12. O-O b6 13. Rc1 Bb7 14. Qa4 Rac8 15. Ba6 Na5 16. Bxb7 Qxb7 17. h3 e6 18. Be5 Rxc1 19. Rxc1 Rc8 20. Rxc8+ Qxc8 21. Bxg7 Kxg7 22. Ne5 Qc1+ 23. Kh2 Qc7 24. g3 a6 25. Qe8 Nc4 26. Nd7 Qd6 27. e4 f6 28. Qc8 Nd2 29. Nxf6 Qxd4 30. Qg8+ Kxf6 31. Qf8+ 1-0